LIBRARY & INFORMATION CENTRE, KCAET, TAVANUR

ONLINE PUBLIC ACCESS CATALOGUE (OPAC)

Dairy engineering technology and engineering of dairy plant operations / (Record no. 9631)

MARC details
000 -LEADER
fixed length control field 00527cam a2200193ua 4500
041 ## - LANGUAGE CODE
Language code of text/sound track or separate title eng
082 ## - DEWEY DECIMAL CLASSIFICATION NUMBER
Classification number 637.14
Item number SIM/DA
100 ## - MAIN ENTRY--AUTHOR NAME
Personal name Anandakrishnan, C P .
245 ## - TITLE STATEMENT
Title Dairy engineering technology and engineering of dairy plant operations /
250 ## - EDITION STATEMENT
Edition statement 1 /
260 ## - PUBLICATION, DISTRIBUTION, ETC. (IMPRINT)
Place of publication New Delhi :
Name of publisher Laxmi Publications ,
Year of publication 1987.
300 ## - PHYSICAL DESCRIPTION
Number of Pages 400 ; .
700 1# - ADDED ENTRY--PERSONAL NAME
Personal name Sinha, N N .
942 ## - ADDED ENTRY ELEMENTS (KOHA)
Koha item type Books
Holdings
Withdrawn status Lost status Damaged status Home library Current library Date acquired Full call number Accession Number Koha item type
      KAUAET KAUAET 07/04/2012 637.14 18467 Books
free website counter